[Event "DEM U10/U10w 2010"]
[Site "Oberhof GER"]
[Date "2010.05.24"]
[Round "4"]
[White "Simon, Tessa"]
[Black "Nguyen, Anh Van"]
[Result "0-1"]
[Termination "normal"]
[Board "33"]
[WhiteElo "1270"]
[BlackElo "1095"]
[PlyCount "132"]
[WhiteFideId "12929395"]
[BlackFideId "12908223"]
[EventCountry "GER"]
[EventRounds "11"]
[EventType "swiss"]
[EventDate "2010.05.22"]

1. e4 c6 2. d4 d5 3. exd5 cxd5 4. Bd3 Nc6 5. c3 Nf6 6. Bf4 e6 7. Nd2 Bd6 8.
Bxd6 Qxd6 9. Ngf3 O-O 10. O-O e5 11. dxe5 Nxe5 12. Nxe5 Qxe5 13. Nf3 Qf4 14.
Re1 Bg4 15. h3 Bxf3 16. Qxf3 Qxf3 17. gxf3 Rfe8 18. Kg2 Nh5 19. Bb5 Re6 20.
Rxe6 fxe6 21. Rd1 a6 22. Ba4 Rf8 23. Bd7 Nf4+ 24. Kh2 b5 25. Bc6 Rf7 26. Re1
Rc7 27. Ba8 Kf7 28. Re3 Ng6 29. Rd3 Ne7 30. Rd1 Ra7 31. Bxd5 Nxd5 32. Kg3 Rd7
33. b3 Ke7 34. c4 bxc4 35. bxc4 Nb4 36. Ra1 Rd4 37. a3 Nc2 38. Rc1 Rxc4 39. a4
Ne3 40. Rb1 Nf5+ 41. Kh2 Rxa4 42. Rb7+ Kf6 43. Ra7 h6 44. Ra8 Rf4 45. Rxa6 Nh4
46. Kg1 Rxf3 47. Kf1 Rxh3 48. Rd6 Ng6 49. Rd2 Nf4 50. f3 Rh1+ 51. Kf2 Rh2+ 52.
Ke3 Rxd2 53. Kxd2 h5 54. Ke3 g5 55. Kf2 Kf5 56. Kg3 Ne2+ 57. Kf2 Kf4 58. Kf1 g4
59. fxg4 hxg4 60. Kg2 e5 61. Kf2 e4 62. Kg2 e3 63. Kf1 Kf3 64. Ke1 g3 65. Kf1
g2+ 66. Ke1 g1=R# 0-1

[Event "DEM U10/U10w 2010"]
[Site "Oberhof GER"]
[Date "2010.05.24"]
[Round "4"]
[White "Mildner, Ramón"]
[Black "Bach, Kira Annika"]
[Result "1-0"]
[Termination "normal"]
[Board "34"]
[WhiteElo "1200"]
[BlackElo "1071"]
[PlyCount "53"]
[WhiteFideId "12909645"]
[BlackFideId "12907677"]
[EventCountry "GER"]
[EventRounds "11"]
[EventType "swiss"]
[EventDate "2010.05.22"]

1. e4 d5 2. exd5 c6 3. Nf3 cxd5 4. Ne5 Nf6 5. d4 a6 6. Bd3 Nc6 7. c3 Qa5 8. Nd2
Qc7 9. Ndf3 Bg4 10. Nxg4 Nxg4 11. h3 Nf6 12. O-O e6 13. Re1 Bd6 14. Bd2 O-O 15.
Qc2 e5 16. dxe5 Nxe5 17. Nd4 Rfe8 18. Nf5 Nxd3 19. Rxe8+ Bf8 20. Rxa8 Ne5 21.
Re1 Nc4 22. Ne7+ Qxe7 23. Rxe7 h6 24. Rxb7 Nd6 25. Rbb8 Nfe8 26. Rxe8 Nxe8 27.
Rxe8 1-0

[Event "DEM U10/U10w 2010"]
[Site "Oberhof GER"]
[Date "2010.05.24"]
[Round "4"]
[White "Du, Katharina"]
[Black "Sadewasser, Lucie"]
[Result "1/2-1/2"]
[Termination "normal"]
[Board "35"]
[WhiteElo "1006"]
[BlackElo "1197"]
[PlyCount "83"]
[WhiteFideId "12945757"]
[BlackFideId "12905445"]
[EventCountry "GER"]
[EventRounds "11"]
[EventType "swiss"]
[EventDate "2010.05.22"]

1. e4 e5 2. Nf3 Nc6 3. Bc4 Nf6 4. Nc3 Nxe4 5. Nxe4 d5 6. Bb3 dxe4 7. Ng1 Bf5 8.
Ne2 Bc5 9. O-O Bg4 10. c3 Qf6 11. d3 Qg6 12. dxe4 Bf3 13. g3 Qxe4 14. Re1 Rd8
15. Bd2 O-O 16. Bc2 Qd5 17. Bg5 Qxd1 18. Raxd1 f6 19. Be3 Bxe3 20. fxe3 Rxd1
21. Bxd1 Rd8 22. Kf2 Bh5 23. h3 f5 24. Bc2 Rd2 25. Bxf5 Rxb2 26. g4 Bf7 27. Bb1
Bxa2 28. Bxa2+ Rxa2 29. Rb1 b6 30. Kf3 a5 31. c4 Rc2 32. Ng3 Rxc4 33. Ne4 a4
34. Nd2 Rc2 35. Ke2 e4 36. Kd1 Rc3 37. Ke2 Ne5 38. Rb4 a3 39. Rxe4 b5 40. Rxe5
a2 41. Re8+ Kf7 42. Ra8 1/2-1/2

[Event "DEM U10/U10w 2010"]
[Site "Oberhof GER"]
[Date "2010.05.24"]
[Round "4"]
[White "Reimers, Kim"]
[Black "Tiedemann, Fin Niklas"]
[Result "1-0"]
[Termination "normal"]
[Board "36"]
[WhiteElo "1192"]
[BlackElo "997"]
[PlyCount "119"]
[WhiteFideId "12930377"]
[BlackFideId "12936936"]
[EventCountry "GER"]
[EventRounds "11"]
[EventType "swiss"]
[EventDate "2010.05.22"]

1. e4 c6 2. d4 d5 3. exd5 cxd5 4. Nf3 Nc6 5. Bb5 Bf5 6. O-O e6 7. Ne5 Qc7 8.
Re1 a6 9. Ba4 b5 10. Bb3 Bd6 11. Bxd5 Bxe5 12. Bxc6+ Qxc6 13. Rxe5 Qxc2 14.
Qxc2 Bxc2 15. Nc3 Nf6 16. Bg5 Nd7 17. Re2 Bd3 18. Re3 Bf5 19. Rae1 O-O 20. d5
Rac8 21. a3 Rc7 22. Bf4 Rc4 23. Bd6 Rfc8 24. Bb4 h6 25. b3 Rg4 26. f3 Rg6 27.
Kh1 Nf6 28. d6 Rd8 29. Rd1 Bc2 30. Rd2 Bxb3 31. Nxb5 axb5 32. Rxb3 Rg5 33. Ba5
Rc8 34. h4 Rd5 35. Rxd5 exd5 36. Rxb5 Kf8 37. Bc7 Ke8 38. a4 d4 39. Kg1 d3 40.
Kf2 Ra8 41. Rb8+ Rxb8 42. Bxb8 Nd5 43. a5 Nb4 44. Ke3 Kd7 45. Kd2 f5 46. Kc3 g6
47. Bc7 h5 48. Bb8 Kc8 49. Ba7 Nc6 50. Bb6 Nb8 51. Kxd3 Kd7 52. Bc7 Na6 53. Kd4
Ke6 54. f4 Nb4 55. Kc4 Nc6 56. Kc5 Kd7 57. a6 Na7 58. Kb6 Nc8+ 59. Kb7 Nxd6+
60. Bxd6 1-0

[Event "DEM U10/U10w 2010"]
[Site "Oberhof GER"]
[Date "2010.05.24"]
[Round "4"]
[White "Rogozenco, Teodora Nana"]
[Black "Schluckner, Paul-Leopold"]
[Result "1-0"]
[Termination "normal"]
[Board "37"]
[WhiteElo "1186"]
[BlackElo "957"]
[PlyCount "87"]
[WhiteFideId "12938084"]
[BlackFideId "12952168"]
[EventCountry "GER"]
[EventRounds "11"]
[EventType "swiss"]
[EventDate "2010.05.22"]

1. d4 d5 2. Nf3 Nf6 3. g3 Bf5 4. Bg2 e6 5. O-O Bd6 6. b3 Nc6 7. Bb2 O-O 8. Nbd2
h6 9. c4 Re8 10. Rc1 Qd7 11. Re1 e5 12. cxd5 Nxd4 13. Nxd4 exd4 14. Bxd4 Bh3
15. Bh1 Be5 16. Bxe5 Rxe5 17. e4 Rae8 18. Qc2 Nxd5 19. Nc4 R5e6 20. Red1 c6 21.
exd5 cxd5 22. Ne3 d4 23. Bg2 Rc6 24. Bxc6 Qxc6 25. Qxc6 bxc6 26. Rxd4 Rc8 27.
g4 a5 28. f3 g6 29. Kf2 h5 30. Kg3 Bxg4 31. fxg4 hxg4 32. Kxg4 c5 33. Rdc4 f5+
34. Kg5 Kg7 35. Rxc5 Rxc5 36. Rxc5 Kf7 37. Nxf5 gxf5 38. Kxf5 Ke7 39. Rc6 Kd7
40. Rh6 Kc7 41. Ke5 Kd7 42. h4 Kc7 43. Kd5 Kb7 44. Kc5 1-0

[Event "DEM U10/U10w 2010"]
[Site "Oberhof GER"]
[Date "2010.05.24"]
[Round "4"]
[White "Burg, Niclas"]
[Black "Schneider, Jana"]
[Result "1-0"]
[Termination "normal"]
[Board "41"]
[WhiteElo "1467"]
[BlackElo "1073"]
[PlyCount "49"]
[WhiteFideId "1271968"]
[BlackFideId "12924997"]
[EventCountry "GER"]
[EventRounds "11"]
[EventType "swiss"]
[EventDate "2010.05.22"]

1. e4 c5 2. Nf3 d6 3. d4 cxd4 4. Nxd4 Nf6 5. Nc3 g6 6. Be3 Bg7 7. f3 O-O 8. Qd2
Nc6 9. O-O-O Bd7 10. g4 Rc8 11. h4 Ne5 12. h5 Nc4 13. Bxc4 Rxc4 14. hxg6 fxg6
15. Qh2 h5 16. Bg5 hxg4 17. Bxf6 Rxf6 18. Qh7+ Kf7 19. Nd5 Rxf3 20. Nxf3 gxf3
21. Rh6 Kf8 22. Rxg6 Bc6 23. Rxg7 Bxd5 24. Qh8+ Bg8 25. Qxg8# 1-0

[Event "DEM U10/U10w 2010"]
[Site "Oberhof GER"]
[Date "2010.05.24"]
[Round "4"]
[White "Ratay, Meike"]
[Black "Edelmann, Jonas"]
[Result "0-1"]
[Termination "normal"]
[Board "42"]
[WhiteElo "930"]
[BlackElo "1107"]
[PlyCount "96"]
[WhiteFideId "12977608"]
[EventCountry "GER"]
[EventRounds "11"]
[EventType "swiss"]
[EventDate "2010.05.22"]

1. e4 c5 2. Bc4 a6 3. Nf3 b5 4. Bd5 Nc6 5. Nc3 e6 6. Bxc6 dxc6 7. d3 Nf6 8. Bg5
Be7 9. O-O O-O 10. h3 Qc7 11. a3 b4 12. axb4 cxb4 13. Ne2 a5 14. Bf4 Bd6 15.
Bxd6 Qxd6 16. d4 Nxe4 17. Qd3 Nf6 18. Ng3 Ba6 19. c4 c5 20. Ng5 e5 21. Nh5 g6
22. Ng3 exd4 23. N5e4 Nxe4 24. Nxe4 Qe6 25. Nxc5 Qxc4 26. Rfd1 Qxc5 27. Qe4 d3
28. Rac1 Qf5 29. Qd4 Rfd8 30. Qb6 Bb5 31. Rc5 Qd7 32. Rxb5 d2 33. Rxa5 Rxa5 34.
Qxa5 Re8 35. Qxb4 Re2 36. Qc3 f6 37. Rb1 Qe7 38. Kf1 Kf7 39. b4 Qe4 40. Qc7+
Qe7 41. Qxe7+ Rxe7 42. Kg1 Re1+ 43. Rxe1 dxe1=Q+ 44. Kh2 Qxb4 45. Kg3 Ke6 46.
h4 g5 47. hxg5 fxg5 48. Kh3 Qh4# 0-1

[Event "DEM U10/U10w 2010"]
[Site "Oberhof GER"]
[Date "2010.05.24"]
[Round "4"]
[White "Main, Laetitia Chantal"]
[Black "Lohrmann, Tabea"]
[Result "0-1"]
[Termination "normal"]
[Board "44"]
[WhiteElo "922"]
[BlackElo "874"]
[PlyCount "94"]
[BlackFideId "12911941"]
[EventCountry "GER"]
[EventRounds "11"]
[EventType "swiss"]
[EventDate "2010.05.22"]

1. e4 e5 2. Nf3 Nc6 3. Bc4 Bc5 4. d3 h6 5. Be3 Bb6 6. Nc3 Nf6 7. Qe2 O-O 8.
O-O-O d6 9. h3 a6 10. g4 Na5 11. g5 hxg5 12. Nxg5 Nxc4 13. Nd5 Nxd5 14. exd5
Nxe3 15. Qh5 Bf5 16. fxe3 Bxe3+ 17. Kb1 Bxg5 18. Rhg1 Bg6 19. Qxg5 Qxg5 20.
Rxg5 c6 21. dxc6 bxc6 22. b3 Rfe8 23. h4 Re6 24. h5 Rf6 25. hxg6 fxg6 26. Rdg1
Kf7 27. R5g2 Rh8 28. Rg4 c5 29. Ra4 d5 30. Re1 Rh5 31. Ra5 Rc6 32. Rf1+ Rf5 33.
Rxf5+ gxf5 34. Kc1 Ke7 35. Ra4 g5 36. Kd1 f4 37. Ke1 Rg6 38. Kf1 g4 39. Kg2 g3
40. a3 f3+ 41. Kg1 g2 42. Rh4 f2+ 43. Kxf2 g1=Q+ 44. Ke2 d4 45. Kf3 Qg3+ 46.
Ke4 Qxh4+ 47. Kxe5 Rg5# 0-1

[Event "DEM U10/U10w 2010"]
[Site "Oberhof GER"]
[Date "2010.05.24"]
[Round "4"]
[White "Schneider, Xenia"]
[Black "Denkert, Anna"]
[Result "0-1"]
[Termination "normal"]
[Board "45"]
[WhiteElo "777"]
[BlackElo "914"]
[PlyCount "50"]
[WhiteFideId "12911984"]
[BlackFideId "12938122"]
[EventCountry "GER"]
[EventRounds "11"]
[EventType "swiss"]
[EventDate "2010.05.22"]

1. e4 e5 2. Nf3 Nf6 3. Nxe5 d6 4. Nd3 Nxe4 5. Nf4 Be6 6. Nxe6 fxe6 7. Bb5+ Nc6
8. O-O d5 9. d3 Nf6 10. b3 Bd6 11. Bxc6+ bxc6 12. Bb2 O-O 13. Qf3 Rf7 14. Nc3
Qe7 15. Rae1 h6 16. Qh3 Re8 17. d4 Nd7 18. Bc1 Rf6 19. Qg4 Qf7 20. Re2 Rg6 21.
Qh3 h5 22. Qxh5 Rxg2+ 23. Kxg2 Qxh5 24. a3 Rf8 25. Rxe6 Qxh2# 0-1

[Event "DEM U10/U10w 2010"]
[Site "Oberhof GER"]
[Date "2010.05.24"]
[Round "4"]
[White "Cejda, Cecilia"]
[Black "Köhler, Inken"]
[Result "0-1"]
[Termination "normal"]
[Board "46"]
[WhiteElo "894"]
[BlackElo "786"]
[PlyCount "26"]
[WhiteFideId "12921122"]
[BlackFideId "12929301"]
[EventCountry "GER"]
[EventRounds "11"]
[EventType "swiss"]
[EventDate "2010.05.22"]

1. e4 e5 2. Nf3 Nc6 3. Bc4 Nf6 4. Nc3 Nxe4 5. Nxe4 d5 6. d3 dxc4 7. Be3 Bg4 8.
b3 cxd3 9. cxd3 Bb4+ 10. Bd2 Bxd2+ 11. Nexd2 Qxd3 12. Qc1 e4 13. Ng5 Qe2# 0-1

[Event "DEM U10/U10w 2010"]
[Site "Oberhof GER"]
[Date "2010.05.26"]
[Round "6"]
[White "Schröder, Kevin"]
[Black "Ovsepyan, Arshak"]
[Result "1/2-1/2"]
[Termination "normal"]
[Board "1"]
[WhiteElo "1557"]
[BlackElo "1945"]
[PlyCount "96"]
[WhiteFideId "12929840"]
[BlackFideId "24690236"]
[EventCountry "GER"]
[EventRounds "11"]
[EventType "swiss"]
[EventDate "2010.05.22"]

1. d4 d5 2. c4 e6 3. Nf3 c5 4. cxd5 exd5 5. g3 Nf6 6. Bg2 Nc6 7. Nc3 Be6 8. O-O
Be7 9. Bg5 cxd4 10. Nxd4 Qb6 11. Nxe6 fxe6 12. Qd2 O-O 13. Bh3 Nd8 14. Be3 Qd6
15. Rac1 Nc6 16. Nb5 Qd7 17. Rfd1 a6 18. Nd4 Nxd4 19. Qxd4 Rac8 20. Qe5 Kf7 21.
f4 Bd6 22. Qd4 g6 23. g4 Qe7 24. g5 Ne4 25. Bg2 Bc5 26. Qd2 Bxe3+ 27. Qxe3 Rxc1
28. Rxc1 Qb4 29. Bxe4 dxe4 30. Qh3 Qb6+ 31. Kh1 Kg8 32. Qg4 Qd6 33. e3 Qb6 34.
Qe2 Rd8 35. Rd1 Rc8 36. Qd2 Qc6 37. Kg2 Qc2 38. Kf1 Qc4+ 39. Kg1 Qxa2 40. Qd7
Qc4 41. Qxb7 Qc2 42. Qd7 Qc4 43. b3 Qc6 44. Qxc6 Rxc6 45. Rd8+ Kg7 46. Rd7+ Kg8
47. Rd8+ Kg7 48. Rd7+ Kg8 1/2-1/2

[Event "DEM U10/U10w 2010"]
[Site "Oberhof GER"]
[Date "2010.05.26"]
[Round "6"]
[White "Litzka, Richard"]
[Black "Schmidek, Emil"]
[Result "1-0"]
[Termination "normal"]
[Board "2"]
[WhiteElo "1543"]
[BlackElo "1740"]
[PlyCount "89"]
[BlackFideId "12908150"]
[EventCountry "GER"]
[EventRounds "11"]
[EventType "swiss"]
[EventDate "2010.05.22"]

1. e4 Nf6 2. e5 Nd5 3. d4 Nb6 4. Nf3 d5 5. exd6 exd6 6. Nc3 Be7 7. h3 Bf5 8.
Bd3 Bxd3 9. Qxd3 Nc6 10. Bf4 Bf6 11. O-O-O Qd7 12. Rhe1+ Ne7 13. g4 h6 14. Bg3
O-O-O 15. Ne4 Ng8 16. Re2 Be7 17. Rde1 Re8 18. Nh4 g6 19. Qb3 Nf6 20. Nf3 Nxe4
21. Rxe4 d5 22. Ne5 Qa4 23. Qxa4 Nxa4 24. R4e3 Rhf8 25. Nxg6 fxg6 26. Rxe7 Rxe7
27. Rxe7 c6 28. Rc7+ Kd8 29. Rxb7 a6 30. Rb8+ Ke7 31. Bd6+ Kxd6 32. Rxf8 Ke6
33. Rb8 c5 34. b3 Nc3 35. dxc5 Ne2+ 36. Kd2 Nf4 37. Rd8 Ke7 38. Rd6 Ne6 39.
Rxd5 Nc7 40. Rd6 Ne6 41. Rxa6 Nxc5 42. Rxg6 Ne4+ 43. Ke3 Nf6 44. Rxf6 Kxf6 45.
a4 1-0

[Event "DEM U10/U10w 2010"]
[Site "Oberhof GER"]
[Date "2010.05.26"]
[Round "6"]
[White "Lagunow, Raphael"]
[Black "Vogel, Roven"]
[Result "1-0"]
[Termination "normal"]
[Board "3"]
[WhiteElo "1623"]
[BlackElo "1480"]
[PlyCount "113"]
[WhiteFideId "24652644"]
[BlackFideId "12908088"]
[EventCountry "GER"]
[EventRounds "11"]
[EventType "swiss"]
[EventDate "2010.05.22"]

1. Nf3 c5 2. g3 b6 3. Bg2 Bb7 4. O-O Nf6 5. c4 e6 6. Nc3 Be7 7. e3 d6 8. d4
Nbd7 9. b3 a6 10. Bb2 O-O 11. Rc1 Rc8 12. Re1 Re8 13. e4 cxd4 14. Nxd4 Nc5 15.
Qe2 Qc7 16. Red1 Rcd8 17. h3 h6 18. Kh2 d5 19. exd5 exd5 20. Bxd5 Nxd5 21. Nxd5
Bxd5 22. cxd5 Rxd5 23. b4 Qd7 24. bxc5 Bxc5 25. Qg4 Rd8 26. Nf5 g6 27. Nxh6+
Kf8 28. Qxd7 R8xd7 29. Rxd5 Rxd5 30. Ng4 f5 31. Nf6 Rd2 32. Be5 Rxf2+ 33. Kh1
Rxa2 34. Nd7+ Ke7 35. Nxc5 bxc5 36. Rxc5 Re2 37. Bf4 Ra2 38. Bc7 Ke6 39. Ra5
Rxa5 40. Bxa5 Ke5 41. Kg2 Ke4 42. Kf2 f4 43. g4 f3 44. Bc7 g5 45. Bd8 Kf4 46.
Bxg5+ Kxg5 47. Kxf3 Kh4 48. Ke3 a5 49. Kd3 a4 50. Kc3 a3 51. Kb3 a2 52. Kxa2
Kg5 53. Kb3 Kh4 54. Kc4 Kg5 55. Kd5 Kh4 56. Ke4 Kg5 57. Ke5 1-0

[Event "DEM U10/U10w 2010"]
[Site "Oberhof GER"]
[Date "2010.05.26"]
[Round "6"]
[White "Moses, Selina"]
[Black "Greßmann, Moritz"]
[Result "1/2-1/2"]
[Termination "normal"]
[Board "4"]
[WhiteElo "1453"]
[BlackElo "1600"]
[PlyCount "80"]
[WhiteFideId "12908070"]
[BlackFideId "24695084"]
[EventCountry "GER"]
[EventRounds "11"]
[EventType "swiss"]
[EventDate "2010.05.22"]

1. e4 e5 2. Nf3 Nc6 3. Bc4 Nf6 4. d3 Bc5 5. Nbd2 d6 6. c3 O-O 7. O-O Be6 8. Bb3
a6 9. Nc4 b5 10. Ne3 d5 11. exd5 Bxd5 12. Nxd5 Nxd5 13. Re1 Qd6 14. Qe2 Nf4 15.
Bxf4 exf4 16. d4 Bb6 17. Bc2 b4 18. Qd3 g6 19. Ng5 bxc3 20. bxc3 Ba5 21. Bb3
Ne7 22. Ne4 Qd8 23. Nf6+ Kg7 24. Ng4 c5 25. Red1 Rc8 26. d5 Qd6 27. Qf3 h5 28.
Ne3 fxe3 29. Qxe3 c4 30. Qd4+ Qf6 31. Qxf6+ Kxf6 32. Ba4 Rfd8 33. d6 Nc6 34. d7
Rc7 35. Rd6+ Ke7 36. Rxc6 Rcxd7 37. Rxc4 Rd6 38. Re4+ Kf8 39. c4 Bb6 40. Rae1
Rd2 1/2-1/2

[Event "DEM U10/U10w 2010"]
[Site "Oberhof GER"]
[Date "2010.05.26"]
[Round "6"]
[White "Graf, Clara Victoria"]
[Black "Kreyssig, Bruno"]
[Result "1-0"]
[Termination "normal"]
[Board "6"]
[WhiteElo "1736"]
[BlackElo "1319"]
[PlyCount "83"]
[WhiteFideId "1270339"]
[BlackFideId "4692489"]
[EventCountry "GER"]
[EventRounds "11"]
[EventType "swiss"]
[EventDate "2010.05.22"]

1. e4 c5 2. Nc3 Nc6 3. g3 e6 4. Bg2 Nf6 5. Nge2 d5 6. exd5 exd5 7. d3 Be7 8.
O-O O-O 9. Bg5 d4 10. Bxf6 Bxf6 11. Ne4 Qe7 12. Nxf6+ Qxf6 13. Nf4 Be6 14. Nxe6
Qxe6 15. Re1 Qd7 16. Qh5 Qd6 17. Re2 Rfe8 18. Rae1 Rxe2 19. Qxe2 Rf8 20. f4 b6
21. a3 g6 22. Qe4 Rc8 23. Qd5 Qc7 24. Qxc6 Qxc6 25. Bxc6 Rxc6 26. Re7 a5 27. b3
Kg7 28. Kf2 Re6 29. Rxe6 fxe6 30. Kf3 b5 31. Ke4 Kf6 32. h3 h6 33. g4 g5 34.
Kf3 a4 35. bxa4 bxa4 36. fxg5+ Kxg5 37. Kg3 Kf6 38. h4 Ke5 39. Kf3 Kf6 40. Kf4
e5+ 41. Ke4 Ke6 42. g5 1-0

[Event "DEM U10/U10w 2010"]
[Site "Oberhof GER"]
[Date "2010.05.26"]
[Round "6"]
[White "Reuker, Jari"]
[Black "Dürr, Florian"]
[Result "0-1"]
[Termination "normal"]
[Board "7"]
[WhiteElo "1237"]
[BlackElo "1750"]
[PlyCount "98"]
[WhiteFideId "12909300"]
[BlackFideId "24659134"]
[EventCountry "GER"]
[EventRounds "11"]
[EventType "swiss"]
[EventDate "2010.05.22"]

1. c4 e6 2. Nc3 Bb4 3. e4 b6 4. d4 Bb7 5. Bd3 f5 6. d5 fxe4 7. Bxe4 Nf6 8. Bf3
exd5 9. cxd5 O-O 10. Nge2 d6 11. O-O Nbd7 12. Bg5 Ne5 13. Nf4 Qe7 14. Re1 Qf7
15. Qb3 Nxf3+ 16. gxf3 Bxc3 17. Qxc3 Nxd5 18. Nxd5 Bxd5 19. Re7 Qg6 20. Qd2
Bxf3 21. Kf1 h6 22. Qe3 Qxg5 23. Qxg5 hxg5 24. Rxc7 Rfc8 25. Rd7 Rc2 26. b4
Rac8 27. Re1 Rc1 28. Rxd6 Rxe1+ 29. Kxe1 Rc1+ 30. Kd2 Rd1+ 31. Ke3 Rxd6 32.
Kxf3 Rd2 33. a4 Ra2 34. b5 Rxa4 35. h4 gxh4 36. Kg2 g5 37. Kh3 Ra3+ 38. Kg4 h3
39. Kxg5 h2 40. f4 h1=Q 41. Kf6 Qh6+ 42. Ke5 Ra4 43. f5 Kf7 44. Kd5 Qf4 45. f6
Qf5+ 46. Kc6 Rc4+ 47. Kb7 Qc8+ 48. Kxa7 Qc7+ 49. Ka8 Ra4# 0-1

[Event "DEM U10/U10w 2010"]
[Site "Oberhof GER"]
[Date "2010.05.26"]
[Round "6"]
[White "Gungl, Theo"]
[Black "Renger, Niklas"]
[Result "0-1"]
[Termination "normal"]
[Board "8"]
[WhiteElo "1682"]
[BlackElo "1320"]
[PlyCount "62"]
[WhiteFideId "24695653"]
[BlackFideId "12908096"]
[EventCountry "GER"]
[EventRounds "11"]
[EventType "swiss"]
[EventDate "2010.05.22"]

1. d4 Nf6 2. c4 c5 3. d5 b5 4. cxb5 a6 5. f3 g6 6. e4 d6 7. Nc3 Bg7 8. Bd2 O-O
9. Bd3 Nbd7 10. f4 axb5 11. Bxb5 Qb6 12. a4 Ba6 13. Qc2 Bxb5 14. Nxb5 Rfc8 15.
Ne2 c4 16. h3 Nc5 17. Be3 Nfxe4 18. Qxe4 Qxb5 19. Bxc5 Qxc5 20. Nc3 Qb4 21. Qc2
Rcb8 22. O-O Qxb2 23. Ra2 Qxc3 24. Qxc3 Bxc3 25. Rc1 Bd4+ 26. Kh2 c3 27. Rd1
Be3 28. Kg3 Rb2 29. Rxb2 cxb2 30. Rb1 Bc1 31. Kf2 Rxa4 0-1

[Event "DEM U10/U10w 2010"]
[Site "Oberhof GER"]
[Date "2010.05.26"]
[Round "6"]
[White "Baberz, Alexander"]
[Black "Urban, Konstantin"]
[Result "1-0"]
[Termination "normal"]
[Board "9"]
[WhiteElo "1567"]
[BlackElo "1241"]
[PlyCount "153"]
[WhiteFideId "12921734"]
[BlackFideId "12927511"]
[EventCountry "GER"]
[EventRounds "11"]
[EventType "swiss"]
[EventDate "2010.05.22"]

1. d4 Nf6 2. Nf3 e6 3. e3 c5 4. c3 b6 5. Bd3 Bb7 6. O-O g6 7. Qe2 Bg7 8. e4 O-O
9. e5 Ne8 10. Be4 d5 11. Bd3 Nc7 12. Be3 Nd7 13. Qd2 c4 14. Bc2 f5 15. exf6
Nxf6 16. Bh6 Qd6 17. Bxg7 Kxg7 18. Ne5 Rae8 19. Qe2 Na6 20. Nd2 Nb8 21. Ndf3
Nbd7 22. Rfe1 b5 23. Nxd7 Nxd7 24. Ne5 Nxe5 25. Qxe5+ Qxe5 26. Rxe5 Rf6 27.
Rae1 Kf7 28. g4 Bc8 29. Kg2 Kg7 30. Kg3 Ref8 31. R1e2 Rf3+ 32. Kg2 R3f4 33. h3
a6 34. Bd1 b4 35. Rd2 a5 36. g5 R4f5 37. Rxf5 Rxf5 38. Bg4 Rxg5 39. f4 Rxg4+
40. hxg4 Kf6 41. Kf3 h5 42. gxh5 gxh5 43. Rg2 Bd7 44. Rg8 b3 45. axb3 cxb3 46.
Rh8 a4 47. Rxh5 Bb5 48. Rh6+ Kf5 49. Rh8 Bd3 50. Ra8 Bb5 51. Rf8+ Kg6 52. f5+
exf5 53. Rd8 Kf6 54. Rb8 Bd7 55. Kf4 Ke6 56. Rb6+ Ke7 57. Ke5 Kd8 58. Kxd5 Ke7
59. Kc5 f4 60. Rh6 Bf5 61. Kb4 Bd3 62. Kxa4 f3 63. Rh2 Ke6 64. Kb4 Kd5 65. Rf2
Ke4 66. d5 Ke3 67. Rxf3+ Kxf3 68. c4 Ke4 69. d6 Ke3 70. d7 Kd2 71. d8=Q Kc2 72.
Qa5 Bxc4 73. Kxc4 Kxb2 74. Kd3 Kb1 75. Qe1+ Kb2 76. Qd2+ Ka3 77. Kc4 1-0

[Event "DEM U10/U10w 2010"]
[Site "Oberhof GER"]
[Date "2010.05.26"]
[Round "6"]
[White "Mehsin, Yazan"]
[Black "Hartmann, Martin"]
[Result "1-0"]
[Termination "normal"]
[Board "10"]
[WhiteElo "1473"]
[BlackElo "1223"]
[PlyCount "63"]
[BlackFideId "12911925"]
[EventCountry "GER"]
[EventRounds "11"]
[EventType "swiss"]
[EventDate "2010.05.22"]

1. e4 e5 2. f4 Bc5 3. Nf3 d6 4. Bc4 Nf6 5. Nc3 Nc6 6. d3 Bg4 7. Na4 Bb6 8. Nxb6
axb6 9. O-O O-O 10. h3 Bxf3 11. Qxf3 Nd4 12. Qd1 Qd7 13. fxe5 dxe5 14. Bh6 Ne8
15. Be3 c5 16. c3 Nc6 17. Qf3 Nd6 18. Bd5 Kh8 19. Qg3 Rae8 20. Rf3 f6 21. Raf1
Ne7 22. Qxe5 Nxd5 23. Qxd5 Qc6 24. Qg5 Rg8 25. Qh5 Rd8 26. Rf4 Qe8 27. Qe2 Ra8
28. a3 Qc6 29. Rh4 Qe8 30. Rf2 Qe7 31. Rxh7+ Kxh7 32. Qh5# 1-0

[Event "DEM U10/U10w 2010"]
[Site "Oberhof GER"]
[Date "2010.05.26"]
[Round "6"]
[White "Peter, Anton"]
[Black "Savchenko, Daniel"]
[Result "0-1"]
[Termination "normal"]
[Board "11"]
[WhiteElo "1499"]
[BlackElo "1237"]
[PlyCount "70"]
[WhiteFideId "12901660"]
[BlackFideId "12919195"]
[EventCountry "GER"]
[EventRounds "11"]
[EventType "swiss"]
[EventDate "2010.05.22"]

1. d4 d5 2. c4 e6 3. Nc3 Nf6 4. Bg5 Nbd7 5. e3 Be7 6. Nf3 O-O 7. cxd5 exd5 8.
Bd3 c6 9. Rc1 Re8 10. a3 Nf8 11. Qc2 Ng6 12. b4 Ne4 13. Bxe7 Qxe7 14. Bxe4 dxe4
15. Ne5 Bf5 16. Ne2 Nh4 17. Rg1 Bg4 18. Ng3 Bf5 19. Qc5 Qe6 20. Nc4 b6 21. Qd6
Rad8 22. Qxe6 Bxe6 23. Ne5 Bd5 24. Nxc6 Rd7 25. Ne5 Rde7 26. h3 g6 27. Ng4 Kg7
28. Nf1 Ra8 29. Nd2 a5 30. g3 Nf3+ 31. Nxf3 exf3 32. Ne5 axb4 33. axb4 Ra2 34.
Rf1 Re2+ 35. Kd1 Bb3+ 0-1

[Event "DEM U10/U10w 2010"]
[Site "Oberhof GER"]
[Date "2010.05.26"]
[Round "6"]
[White "Petersen, Marcel"]
[Black "Mätzkow, Maximilian Paul"]
[Result "0-1"]
[Termination "normal"]
[Board "12"]
[WhiteElo "1292"]
[BlackElo "1470"]
[PlyCount "72"]
[WhiteFideId "12935670"]
[BlackFideId "24679933"]
[EventCountry "GER"]
[EventRounds "11"]
[EventType "swiss"]
[EventDate "2010.05.22"]

1. e4 e5 2. Nf3 Nc6 3. d4 exd4 4. Nxd4 g6 5. Nc3 Bg7 6. Be3 Nf6 7. Bd3 O-O 8.
Nxc6 dxc6 9. f3 Bd7 10. Qd2 b5 11. Bh6 a5 12. Bxg7 Kxg7 13. g4 b4 14. Ne2 c5
15. h4 h5 16. e5 Nxg4 17. fxg4 Bxg4 18. O-O-O Qd5 19. Rdg1 Qxa2 20. c4 Rac8 21.
Rxg4 hxg4 22. h5 Qa1+ 23. Kc2 Qxh1 24. hxg6 b3+ 25. Kc3 Qh5 26. gxf7 Qxe5+ 27.
Kxb3 Rb8+ 28. Ka3 a4 29. Nc3 Rb3+ 30. Ka2 Rfb8 31. Nb5 R8xb5 32. cxb5 Qd5 33.
f8=Q+ Kxf8 34. Qh6+ Ke8 35. Qh8+ Kd7 36. Bc2 Rh3+ 0-1

[Event "DEM U10/U10w 2010"]
[Site "Oberhof GER"]
[Date "2010.05.26"]
[Round "6"]
[White "Kasel, Mario"]
[Black "Gauchel, Lorenz"]
[Result "1/2-1/2"]
[Termination "normal"]
[Board "13"]
[WhiteElo "1285"]
[BlackElo "1451"]
[PlyCount "73"]
[WhiteFideId "24660957"]
[BlackFideId "12905283"]
[EventCountry "GER"]
[EventRounds "11"]
[EventType "swiss"]
[EventDate "2010.05.22"]

1. e4 Nf6 2. e5 Nd5 3. Nf3 d6 4. d4 g6 5. Bc4 Nb6 6. Bb3 Bg7 7. O-O O-O 8. Nc3
Nc6 9. Bf4 Bg4 10. Re1 Nd7 11. exd6 cxd6 12. h3 Bxf3 13. Qxf3 Nxd4 14. Qxb7
Nxb3 15. axb3 a5 16. Ra2 Re8 17. Rea1 Nc5 18. Qb5 Qd7 19. Qxd7 Nxd7 20. Rxa5
Rxa5 21. Rxa5 Nc5 22. Ra1 Rc8 23. Bd2 h6 24. Rb1 Rb8 25. Kf1 Kf8 26. Ke2 Ke8
27. Na4 Ne4 28. Nc3 Nxd2 29. Kxd2 Kd7 30. f4 h5 31. g4 hxg4 32. hxg4 Rb4 33.
Rf1 f5 34. gxf5 gxf5 35. Kc1 Bh6 36. Ne2 e5 37. Kd1 1/2-1/2